000 00881cab a2200217 4500
001 ABS45732
008 090401t1991 xxu||||| |||| 00| 0 eng d
035 _a(Sirsi) u54810
041 _aeng
100 _aGalluzzo, J.F.
245 _aDatabase development and computerised cost estimating
260 _c1991
350 _a0
490 _aCost Engineering
_v33(12) December 1991, 9-13(5)
520 _aCapital cost estimating software has been available for some time, but it tends to be linked to databases dedicated to specific tasks. This article details the steps required in developing a database which will cover all major components and allow greater flexibility in applying the estimating package.
650 _aCOMPUTERS
650 _aESTIMATING SOFTWARE
690 _aMANAGEMENT-BUSINESS MANAGEMENT-INFORMATION MANAGEMENT
942 _n0
948 _c04/03/1997
999 _c33589
_d33589